Economic Consequences of Immigration to Austria

Hodnotiaci model hospodárskych ziskov a strát z migrácie v Rakúsku. Určovanie ekonomických dopadov migračných vĺn (utečenci a obyvatelia strednej Európy) na rakúske hospodárstvo.

Na minha lista:
Detalhes bibliográficos
Autor principal: Tupá, Magdaléna
Outros Autores: Vojtovič, Sergej
Formato: Capítulo de Livro
Idioma:inglês
Assuntos:
Tags: Adicionar Tag
Sem tags, seja o primeiro a adicionar uma tag!

MARC

LEADER 00000naa a2200000 4500
001 0267247
005 20200722090652.5
041 0 |a eng 
044 |a CZ 
245 1 0 |a Economic Consequences of Immigration to Austria  |c Magdaléna Tupá, Sergej Vojtovič 
520 |a Hodnotiaci model hospodárskych ziskov a strát z migrácie v Rakúsku. Určovanie ekonomických dopadov migračných vĺn (utečenci a obyvatelia strednej Európy) na rakúske hospodárstvo. 
610 2 0 |a pohyb síl pracovných medzinárodný 
610 2 0 |a imigrácia 
610 2 0 |a emigrácia 
610 2 0 |a utečenci 
100 1 |a Tupá, Magdaléna 
700 1 |a Vojtovič, Sergej